Strategic management in Japanese companies

This volume is a comprehensive view of strategic management in Japan. The book begins with a general view of Japanese management style, and considers how this style affects strategic management. Specifically, the Japanese approach to research and development is considered. Another important aspect i...

Cijeli opis

Spremljeno u:
Bibliografski detalji
Format: Knjiga
Jezik:Undetermined
Izdano: Oxford Pergamon Press 1992
Teme:
Oznake: Dodaj oznaku
Bez oznaka, Budi prvi tko označuje ovaj zapis!
Thư viện lưu trữ: Trung tâm Học liệu Trường Đại học Cần Thơ
LEADER 01059nam a2200193Ia 4500
001 CTU_230135
008 210402s9999 xx 000 0 und d
082 |a 658.4012 
082 |b S898 
245 0 |a Strategic management in Japanese companies 
245 0 |c Edited by Toyohiro Kono 
260 |a Oxford 
260 |b Pergamon Press 
260 |c 1992 
520 |a This volume is a comprehensive view of strategic management in Japan. The book begins with a general view of Japanese management style, and considers how this style affects strategic management. Specifically, the Japanese approach to research and development is considered. Another important aspect is the discussion of how the Japanese bring subsidiary companies in other countries into their strategic plans, asking the question to what extent can Japanese management style be effective outside of Japan. 
650 |a Kế hoạch chiến lược,Strategic planning 
650 |z Nhật Bản,Japan 
910 |b dqhieu 
980 |a Trung tâm Học liệu Trường Đại học Cần Thơ